000
00205 a2200097 4500
001
47759
100
_a
Gartmann
245
_a
Space travel
260
_a
London
_b
B T Batsford ltd
_c
090
_c
30761
_d
30761
942
_a
NUST-CAE
_c
M
_c
23071
999
_c
282832
_d
282832